مكتبة جامعة عجلون الوطنية

فهرس بحث المكتبة

HIGH ON OFFICE DESIGN/ (Record no. 33723)

MARC details
000 -LEADER
fixed length control field 00380nam a22001577a 4500
003 - CONTROL NUMBER IDENTIFIER
control field JO-AjAnu
005 - DATE AND TIME OF LATEST TRANSACTION
control field 20241016121351.0
008 - FIXED-LENGTH DATA ELEMENTS--GENERAL INFORMATION
fixed length control field 241016b jo ||||| |||| 00| 0 ara d
040 ## - CATALOGING SOURCE
Transcribing agency JO-AjAnu
041 ## - LANGUAGE CODE
Language code of text/sound track or separate title ENG
245 ## - TITLE STATEMENT
Title HIGH ON OFFICE DESIGN/
Statement of responsibility, etc. RALF DAAB
260 ## - PUBLICATION, DISTRIBUTION, ETC.
Place of publication, distribution, etc. SPAIN
Name of publisher, distributor, etc. boog puplishing
Date of publication, distribution, etc. 2020
300 ## - PHYSICAL DESCRIPTION
Extent 331page
650 70 - SUBJECT ADDED ENTRY--TOPICAL TERM
Topical term or geographic name entry element design
9 (RLIN) 66241
942 ## - ADDED ENTRY ELEMENTS (KOHA)
Source of classification or shelving scheme Library of Congress Classification
Koha item type Books
Suppress in OPAC No
Holdings
Withdrawn status Lost status Source of classification or shelving scheme Damaged status Not for loan Home library Current library Date acquired Total Checkouts Full call number Barcode Date last seen Price effective from Koha item type
    Library of Congress Classification     مكتبة جامعة عجلون الوطنية مكتبة جامعة عجلون الوطنية 16/10/2024   NK21952020 E3920 16/10/2024 16/10/2024 Books